02077cam a22003251a 4500001001300000003000400013005001700017008004100034010001700075035001900092040005200111042001200163050002400175070002200199082001100221100004700232245015900279260004400438300003800482440004900520500002600569500003300595501093900628504003001567500002001597650004101617650004001658650003601698999001701734gs 55000243 DLC20260227111403.0770914s1954 dcuab b f001 0 eng c ags 55000243  a(OCoLC)3262196 aU.S. Geol. Survey. Lib.cOOxMdDNALdOCoLCdDLC apremarc00aTC801b.U2 no. 12560 a407bG29W no.1256 a551.491 aMcLaughlin, Thad G.q(Thad Gerald),d1913-10aGeology and ground-water resources of Baca County, Colorado /cby Thad G. McLaughlin ; prepared in cooperation with the Colorado Water Conservation Board. aWashington, D.C. :bU.S. G.P.O.,c1954. av, 232 p. :bill., maps ;c24 cm. 0aGeological Survey water-supply paper ;v1256 aErrata slip inserted. aTwo folded leaves in pocket. aWith: Geology and ground-water resources of the Paintsville area, Kentucky / by J.A. Baker -- Ground water resources of the Middle Loup Division of the Lower Platte River Basin, Nebraska / by Delbert W. Brown ; with a section on chemical quality of the ground water by Frank H. Rainwater -- Geology and ground-water resources of the Fort Berthold Indian Reservation, North Dakota / R.J. Dingman and E.D. Gordon ; with a section on chemical quality of the ground water by H.A. Swenson -- Floods of September 1952 in the Colorado and Guadelupe [sic] river basins, central Texas / by S.D. Breeding and J.H. Montgomery -- Floods of April 1952 in the Missouri River basin / prepared under the direction of J.V.B. Wells -- Floods of 1952 in the basins of the upper Mississippi River and Red River of the North / prepared under the direction of J.V.B. Wells. Washington, D.C. : G.P.O., 1955. Bound together subsequent to publication.5DLC aBibliography: p. 227-229. aIncludes index. 0aWater-supplyzColoradozBaca County. 0aGroundwaterzColoradozBaca County. 0aBoringszColoradozBaca County. c28975d28975